000 00700nam a2200205 i 4500
001 59099
003 ES-MaACL
005 20250815105041.0
007 t|
008 031027s1972 sp ||||1| spa d
245 0 0 _aEmpresa pública
_b: textos escogidos /
_cintroducción y selección por R. Turvey ; [traducción por José Miguel Sánchez Molinero].
260 _aMadrid :
_bTecnos,
_c[1972]
300 _a351 p. ;
_c24 cm.
490 1 _aTecnos. Ciencias económicas
700 1 _aTurvey, R.
_9111766
700 1 _aSánchez Molinero, José Miguel.
_9102787
830 0 0 _aTecnos.
_pCiencias económicas
_9230500
852 _aES-MaACL
_jC-43125
_bR.81764
999 _c59099
_d59099